[Event "IECC P-4450"]
[Site "IECC email"]
[Date "2008.06.11"]
[Round "?"]
[White "Belej, Juan"]
[Black "Marques, Joao Luis Salvador"]
[Result "1/2-1/2"]
[WhiteElo "1076"]
[BlackElo "1330"]
[PlyCount "70"]
[EventDate "2008.??.??"]
[EventType "tourn (corr)"]
[EventRounds "1"]
[SourceTitle "Corr 2011"]
[Source "ChessBase"]
[SourceDate "2010.08.31"]
[SourceVersion "1"]
[SourceVersionDate "2010.08.31"]
[SourceQuality "1"]
[WhiteTeam "Argentina"]
[BlackTeam "Brazil"]
[WhiteTeamCountry "ARG"]
[BlackTeamCountry "BRA"]

1. e4 e5 2. Nf3 Nc6 3. Bb5 a6 4. Bxc6 dxc6 5. d4 exd4 6. Qxd4 Qxd4 7. Nxd4 Bd7 8. Be3 0-0-0 9. Nc3 Bb4 10. Nde2 Ne7 11. 0-0-0 Ng6 12. f4 Bg4 13. h3 Bxe2 14. Nxe2 Rxd1+ 15. Rxd1 Rd8 16. g3 Rxd1+ 17. Kxd1 Kd7 18. Nd4 Bc5 19. c4 b5 20. Nf5 Bxe3 21. Nxe3 Ne7 22. b4 c5 23. bxc5 Kc6 24. Kc2 Kxc5 25. Kd3 b4 26. Nd5 Nxd5 27. cxd5 a5 28. f5 a4 29. g4 b3 30. axb3 axb3 31. Kc3 b2 32. Kxb2 Kd4 33. Kb3 Kxe4 34. Kc4 Ke5 35. Kc5 f6 1/2-1/2

[Event "IECC CL6-2008.03 email"]
[Site "IECC email"]
[Date "2008.04.20"]
[Round "?"]
[White "Marques, Joao Luis Salvador"]
[Black "Jolette, Daniel"]
[Result "1-0"]
[WhiteElo "1321"]
[BlackElo "1176"]
[PlyCount "83"]
[EventDate "2008.??.??"]
[EventType "tourn (corr)"]
[EventRounds "4"]
[SourceTitle "Corr 2011"]
[Source "ChessBase"]
[SourceDate "2010.08.31"]
[SourceVersion "1"]
[SourceVersionDate "2010.08.31"]
[SourceQuality "1"]
[WhiteTeam "Brazil"]
[BlackTeam "Canada"]
[WhiteTeamCountry "BRA"]
[BlackTeamCountry "CAN"]

1. e4 e5 2. Nf3 Nc6 3. Bb5 a6 4. Ba4 Nf6 5. 0-0 b5 6. Bb3 h6 7. Re1 Bc5 8. c3 Na5 9. Bc2 0-0 10. b4 Bxf2+ 11. Kxf2 Nc6 12. a4 Bb7 13. axb5 axb5 14. Rxa8 Qxa8 15. Na3 Ba6 16. Bd3 Na7 17. Qe2 c6 18. Nxe5 Nc8 19. Kg1 Nd6 20. Bc2 Re8 21. d4 Qa7 22. Qf3 Nc4 23. Naxc4 bxc4 24. Ng4 Nxg4 25. Qxg4 Bc8 26. Bxh6 g6 27. Qd1 d6 28. Qa1 Qd7 29. Bd2 Rd8 30. e5 d5 31. Qc1 Re8 32. Bg5 Qa7 33. Qb2 Be6 34. Ra1 Qb8 35. Qc1 Qc8 36. Qf4 Bf5 37. Bxf5 Qxf5 38. Qxf5 gxf5 39. Rf1 Kh7 40. Rxf5 Kg6 41. g4 Ra8 42. h4 1-0

[Event "IECC CL6-2008.03 email"]
[Site "IECC email"]
[Date "2008.04.20"]
[Round "?"]
[White "Renze, John"]
[Black "Marques, Joao Luis Salvador"]
[Result "0-1"]
[WhiteElo "1233"]
[BlackElo "1308"]
[PlyCount "72"]
[EventDate "2008.??.??"]
[EventType "tourn (corr)"]
[EventRounds "4"]
[SourceTitle "Corr 2011"]
[Source "ChessBase"]
[SourceDate "2010.08.31"]
[SourceVersion "1"]
[SourceVersionDate "2010.08.31"]
[SourceQuality "1"]
[WhiteTeam "US of America"]
[BlackTeam "Brazil"]
[WhiteTeamCountry "USA"]
[BlackTeamCountry "BRA"]

1. e4 c5 2. Nc3 Nc6 3. g3 g6 4. Bg2 Bg7 5. d3 d6 6. Be3 Rb8 7. Qd2 b5 8. Nge2 b4 9. Nd1 Nd4 10. 0-0 e6 11. Nc1 Ne7 12. c3 bxc3 13. bxc3 Ndc6 14. Bh6 0-0 15. Bxg7 Kxg7 16. Ne3 Ba6 17. Ne2 Ne5 18. Nc1 Rb6 19. f4 N5c6 20. Rd1 Qb8 21. Nb3 Qc7 22. Rab1 Rbb8 23. d4 cxd4 24. cxd4 e5 25. d5 exf4 26. Ng4 h5 27. Qxf4 hxg4 28. dxc6 Rbd8 29. Qxg4 Nxc6 30. Rbc1 Qb6+ 31. Kh1 Ne5 32. Qg5 Rh8 33. Nd4 Rh5 34. Qd2 Rdh8 35. Bf1 Bxf1 36. Rxf1 Rxh2+ 0-1

[Event "IECC CL5-2007.10 email"]
[Site "IECC email"]
[Date "2007.06.12"]
[Round "?"]
[White "Nocera, Michael"]
[Black "Marques, Joao Luis Salvador"]
[Result "1-0"]
[WhiteElo "1473"]
[BlackElo "1284"]
[PlyCount "53"]
[EventDate "2007.??.??"]
[EventType "tourn (corr)"]
[EventRounds "4"]
[SourceTitle "Corr 2011"]
[Source "ChessBase"]
[SourceDate "2010.08.31"]
[SourceVersion "1"]
[SourceVersionDate "2010.08.31"]
[SourceQuality "1"]
[WhiteTeam "Italy"]
[BlackTeam "Chile"]
[WhiteTeamCountry "ITA"]
[BlackTeamCountry "CHI"]

1. e4 c5 2. Nf3 e6 3. Nc3 Nc6 4. d4 cxd4 5. Nxd4 Qc7 6. Be3 a6 7. Bc4 Nf6 8. 0-0 Be7 9. f3 d6 10. Qd2 0-0 11. Rad1 Nxd4 12. Qxd4 Nd7 13. Be2 Bf6 14. Qxd6 Qxd6 15. Rxd6 Bxc3 16. bxc3 Nf6 17. Rfd1 b5 18. c4 bxc4 19. Bxc4 Bb7 20. Rb6 Bc8 21. Rdb1 Nd7 22. R6b2 Ne5 23. Be2 h6 24. f4 Ng6 25. Rb6 Rd8 26. Rb8 Rxb8 27. Rxb8 1-0

[Event "IECC CL6-2006.18 email"]
[Site "IECC email"]
[Date "2007.01.15"]
[Round "?"]
[White "Marques, Joao Luis Salvador"]
[Black "Popp, Tony"]
[Result "0-1"]
[WhiteElo "1331"]
[BlackElo "1369"]
[PlyCount "80"]
[EventDate "2007.??.??"]
[EventType "tourn (corr)"]
[EventRounds "4"]
[SourceTitle "Corr 2011"]
[Source "ChessBase"]
[SourceDate "2010.08.31"]
[SourceVersion "1"]
[SourceVersionDate "2010.08.31"]
[SourceQuality "1"]
[WhiteTeam "Italy"]
[BlackTeam "Chile"]
[WhiteTeamCountry "ITA"]
[BlackTeamCountry "CHI"]

1. e4 g6 2. d4 Bg7 3. Nc3 a6 4. Be3 d6 5. Qd2 b5 6. f3 Nd7 7. a4 b4 8. Na2 c5 9. c3 a5 10. cxb4 cxb4 11. b3 Ngf6 12. Bc4 Nb6 13. Rc1 Nxc4 14. Rxc4 d5 15. exd5 Nxd5 16. Ne2 Ba6 17. Rc2 Nxe3 18. Qxe3 Bxe2 19. Qxe2 Qxd4 20. Qb5+ Qd7 21. Qxd7+ Kxd7 22. 0-0 Rhc8 23. Rd2+ Ke8 24. Rfd1 Rd8 25. Kf2 Rac8 26. Rxd8+ Rxd8 27. Rxd8+ Kxd8 28. Nc1 Kc7 29. Nd3 Kd6 30. Ke3 g5 31. h3 f5 32. g3 h5 33. g4 hxg4 34. hxg4 fxg4 35. fxg4 Kd5 36. Nc1 Be5 37. Ne2 e6 38. Kd3 Bh2 39. Nc1 e5 40. Ne2 Bf4 0-1

[Event "IECC CL6-2006.13 email"]
[Site "IECC email"]
[Date "2006.08.12"]
[Round "?"]
[White "Hiaja, Herve"]
[Black "Marques, Joao Luis Salvador"]
[Result "1/2-1/2"]
[WhiteElo "1362"]
[BlackElo "1346"]
[PlyCount "128"]
[EventDate "2006.??.??"]
[EventType "tourn (corr)"]
[EventRounds "4"]
[SourceTitle "Corr 2008"]
[Source "ChessBase"]
[SourceDate "2008.06.24"]
[SourceVersion "1"]
[SourceVersionDate "2008.06.24"]
[SourceQuality "1"]

1. e4 c5 2. Nf3 e6 3. d4 cxd4 4. Nxd4 Nf6 5. Nc3 a6 6. Be2 Qc7 7. a3 Nc6 8. Be3 Be7 9. 0-0 0-0 10. f4 d6 11. Bf3 Nxd4 12. Bxd4 e5 13. fxe5 dxe5 14. Be3 Be6 15. Rf2 Rad8 16. Rd2 Rxd2 17. Qxd2 Rd8 18. Qe1 Ng4 19. Kh1 Nxe3 20. Qxe3 Bc5 21. Qe1 Bd4 22. Rd1 Rd7 23. Be2 Bxc3 24. Rxd7 Bxd7 25. Qxc3 Qxc3 26. bxc3 Ba4 27. Bd3 f6 28. Kg1 Kf7 29. Kf2 Ke6 30. Ke3 Kd6 31. Kd2 Kc5 32. Be2 Bb5 33. Bg4 Bc4 34. Bd7 Bb5 35. Be6 Bc6 36. Ke3 Kb5 37. Bb3 Ka5 38. g3 Ba4 39. Kd3 Kb5 40. Ke3 b6 41. h4 h5 42. Kd3 Bxb3 43. cxb3 Kc5 44. a4 a5 45. Ke3 b5 46. axb5 Kxb5 47. Kd3 g6 48. Kc2 f5 49. Kd3 a4 50. bxa4+ Kxa4 51. exf5 gxf5 52. Kc4 e4 53. Kd4 Kb5 54. c4+ Kc6 55. c5 Kc7 56. Ke3 Kd7 57. Kd4 Ke6 58. Kc4 Kd7 59. Kc3 Kc7 60. Kd4 Kd7 61. Kc3 Kc7 62. Kd4 Kd7 63. Ke3 Kc7 64. Kd4 Kd7 1/2-1/2

[Event "IECG CD.2006.0.00109 email"]
[Site "IECG email"]
[Date "2006.03.19"]
[Round "1"]
[White "Marques, Joao Luis Salvador"]
[Black "Gamazo, Juan"]
[Result "1/2-1/2"]
[WhiteElo "1400"]
[BlackElo "1559"]
[PlyCount "71"]
[EventDate "2006.03.19"]
[EventType "tourn (corr)"]
[EventRounds "6"]
[SourceTitle "Corr 2008"]
[Source "ChessBase"]
[SourceDate "2008.06.24"]
[SourceVersion "1"]
[SourceVersionDate "2008.06.24"]
[SourceQuality "1"]

1. e4 c5 2. Nf3 g6 3. d4 cxd4 4. Nxd4 Nc6 5. Nc3 Bg7 6. Be3 Nf6 7. Bc4 0-0 8. Bb3 Ng4 9. Qxg4 Nxd4 10. Qd1 Nxb3 11. axb3 d6 12. Rxa7 Rxa7 13. Bxa7 Bxc3+ 14. bxc3 Qa5 15. Bd4 e5 16. Be3 Qxc3+ 17. Bd2 Qc6 18. f3 Be6 19. 0-0 Ra8 20. Qb1 d5 21. exd5 Qxd5 22. Be3 Bf5 23. Qb2 f6 24. c4 Qd3 25. Bc5 b5 26. cxb5 Qxb5 27. b4 Bd3 28. Ra1 Rd8 29. Rd1 Qa4 30. Ra1 Qb5 31. Ra5 Qc4 32. Qa1 Rd7 33. Qa2 Qxa2 34. Rxa2 Bc4 35. Rb2 Bb5 36. Kf2 1/2-1/2

[Event "IECG CD.2006.0.00109 email"]
[Site "IECG email"]
[Date "2006.03.19"]
[Round "5"]
[White "Trevis, Robert R"]
[Black "Marques, Joao Luis Salvador"]
[Result "0-1"]
[WhiteElo "1408"]
[BlackElo "1400"]
[PlyCount "95"]
[EventDate "2006.03.19"]
[EventType "tourn (corr)"]
[EventRounds "6"]
[SourceTitle "Corr 2008"]
[Source "ChessBase"]
[SourceDate "2008.06.24"]
[SourceVersion "1"]
[SourceVersionDate "2008.06.24"]
[SourceQuality "1"]

1. e4 e6 2. d4 d5 3. Nc3 Bb4 4. Nge2 dxe4 5. a3 Be7 6. Nxe4 Nf6 7. N2c3 0-0 8. Be3 Nc6 9. Bc4 Nxe4 10. Nxe4 f5 11. Ng3 f4 12. Qg4 fxe3 13. Bxe6+ Bxe6 14. Qxe6+ Kh8 15. fxe3 Rf6 16. Qb3 Na5 17. Qc3 b6 18. 0-0-0 Rc6 19. Qd3 Qd5 20. Ne4 Qa2 21. Nd2 Qa1+ 22. Nb1 Nc4 23. Qb3 h6 24. Rhf1 Nxe3 25. Qxe3 Bg5 26. Rf4 Rf6 27. Rdf1 Raf8 28. g3 Bxf4 29. gxf4 Qa2 30. Nc3 Qf7 31. Ne2 g5 32. Qe5 Kg8 33. Rg1 Re6 34. Qb5 Qh5 35. Re1 Rfe8 36. Qd5 Kh8 37. Qc4 Rxe2 38. Rxe2 Qxe2 39. Qxe2 Rxe2 40. fxg5 hxg5 41. h3 Kg7 42. d5 Kg6 43. c4 Kh5 44. c5 bxc5 45. b4 cxb4 46. axb4 Kh4 47. Kd1 Re8 48. Kc2 0-1

[Event "IECC Swiss-492.3"]
[Site "IECC email"]
[Date "2005.11.24"]
[Round "?"]
[White "Marques, Joao Luis Salvador"]
[Black "Garcia, Arsenio"]
[Result "1-0"]
[WhiteElo "1322"]
[BlackElo "1050"]
[PlyCount "35"]
[EventDate "2005.??.??"]
[EventType "swiss (corr)"]
[EventRounds "1"]
[SourceTitle "Corr 2008"]
[Source "ChessBase"]
[SourceDate "2008.06.24"]
[SourceVersion "1"]
[SourceVersionDate "2008.06.24"]
[SourceQuality "1"]

1. e4 e6 2. d4 d5 3. Nc3 Bb4 4. e5 c5 5. a3 Ba5 6. b4 cxd4 7. Nb5 Bc7 8. f4 Bd7 9. Nxc7+ Qxc7 10. Nf3 Ne7 11. Bd3 Nbc6 12. 0-0 0-0-0 13. Bb2 Nf5 14. Bxf5 exf5 15. Nxd4 Nxd4 16. Qxd4 Qxc2 17. Rac1 Qc7 18. Rxc7+ 1-0

[Event "IECG CD.2005.0.00097 email"]
[Site "IECG email"]
[Date "2005.06.26"]
[Round "?"]
[White "Marques, Joao Luis Salvador"]
[Black "Recio Chicharro, Luis"]
[Result "0-1"]
[WhiteElo "1400"]
[BlackElo "1463"]
[PlyCount "38"]
[EventDate "2005.06.26"]
[EventType "tourn (corr)"]
[EventRounds "6"]
[SourceTitle "Corr 2008"]
[Source "ChessBase"]
[SourceDate "2008.06.24"]
[SourceVersion "1"]
[SourceVersionDate "2008.06.24"]
[SourceQuality "1"]

1. e4 d6 2. d4 Nf6 3. Nc3 g6 4. f4 Bg7 5. Nf3 0-0 6. Bd3 Na6 7. Bxa6 bxa6 8. 0-0 Bb7 9. Qd3 Rc8 10. f5 c5 11. fxg6 hxg6 12. d5 Qb6 13. Be3 Ng4 14. Qd2 Nxe3 15. Qxe3 Bd4 16. Nxd4 cxd4 17. Qh6 dxc3+ 18. Kh1 cxb2 19. Rab1 Rxc2 0-1